| 000 | 00546nam a22001937a 4500 | ||
|---|---|---|---|
| 001 | BD-DhSAU 5636 | ||
| 003 | BD-DhSAU | ||
| 005 | 20150416163040.0 | ||
| 008 | 150126s1963 -usa||||r|||| 001 0 eng d | ||
| 040 | _aBD-DhSAU | ||
| 082 |
_222 _a635 _bJUH |
||
| 100 | _aJanick, Jules | ||
| 245 |
_aHorticultural science / _cJules Janick |
||
| 260 |
_aSan Francisco : _bW. H. Freeman and Co. , _cc1963. |
||
| 300 |
_ax, 472p. : _bill. ; _c24 cm. |
||
| 504 | _aIncludes bibliographical references and index. | ||
| 590 | _aJerin | ||
| 650 | _a Horticulture. | ||
| 942 |
_2ddc _cBOOK |
||
| 999 |
_c5636 _d5636 |
||